| 000 | 00000cam 2200000zi 4500 |
| 001 | 9.963044 |
| 003 | CaOODSP |
| 005 | 20260525134046 |
| 006 | m o d f |
| 007 | cr mn||||||||| |
| 008 | 260525e19510102onc ob f100 0 eng d |
| 040 | |aCaOODSP|beng|erda|cCaOODSP |
| 043 | |al------ |
| 086 | 1 |aFs52-3/424E-PDF |
| 100 | 1 |aTempleman, Wilfred, |eauthor. |
| 245 | 10|aSome migrations of cod on the Atlantic Coast of Canada / |cby W. Templeman. |
| 264 | 1|aOttawa : |bFisheries Research Board of Canada, Committee on Biological Investigations, |cJanuary 2, 1951. |
| 300 | |a1 online resource (18 pages). |
| 336 | |atext|btxt|2rdacontent |
| 337 | |acomputer|bc|2rdamedia |
| 338 | |aonline resource|bcr|2rdacarrier |
| 490 | 1 |aManuscript reports of the biological stations ; |vno. 424 |
| 500 | |aDigitized edition from print [produced by Department of Fisheries and Oceans]. |
| 504 | |aIncludes bibliographical references (pages 17-18). |
| 520 | |a"It is evident that tagging of cod thus far on the Atlantic Coast of Canada has been carried out solely with the idea of finding where and when the fish move, leaving the explanation of the cause of movement to chance"--Page 15. |
| 650 | 0|aCodfish|xMarking|zAtlantic Coast (Canada) |
| 650 | 0|aCodfish|xMigration|zAtlantic Coast (Canada) |
| 650 | 0|aCodfish populations|zAtlantic Coast (Canada) |
| 650 | 6|aGadidés|xMarquage|zAtlantique, Côte de l' (Canada) |
| 650 | 6|aGadidés|xMigration|zAtlantique, Côte de l' (Canada) |
| 650 | 6|aGadidés|xPopulations|zAtlantique, Côte de l' (Canada) |
| 710 | 2 |aFisheries Research Board of Canada, |eissuing body. |
| 711 | 2 |aSymposium on the Migrations of Marine Fishes |d(January 2, 1951 : |cOttawa) |
| 830 | #0|aManuscript reports of the biological stations ;|vno. 424.|w(CaOODSP)9.899091 |
| 856 | 40|qPDF|s8.30 MB|uhttps://publications.gc.ca/collections/collection_2026/mpo-dfo/fs52-3/Fs52-3-424-eng.pdf |